| 000 | 00642nam a22001817a 4500 | ||
|---|---|---|---|
| 005 | 20100508110016.0 | ||
| 010 | _aB-368637 | ||
| 020 | _c250.00 | ||
| 035 | _aB-368637 | ||
| 037 | _bPansy Books | ||
| 100 |
_aLinfoard, Jenny _935635 |
||
| 245 |
_aA concise guide to tree / _cby Jenny Linfoard |
||
| 260 |
_aBath _bParragon Books _c2007 |
||
| 300 |
_ap. _ccm. |
||
| 942 |
_2ddc _cEN _mLIN |
||
| 999 |
_c35811 _d35811 |
||